|
|
|
|
| LEADER |
01632nam a22002897a 4500 |
| 001 |
31883 |
| 003 |
BD-DhAAL |
| 005 |
20171127113121.0 |
| 008 |
170504s2009 bg ||||| |||| 00| 0 eng d |
| 999 |
|
|
|c 38193
|d 38193
|
| 040 |
|
|
|a BD-DhAAL
|c BD-DhAAL
|
| 082 |
|
|
|2 23
|a 370.095492
|
| 110 |
|
|
|a BRAC University
|9 21711
|
| 245 |
|
|
|a BRAC University 4th convocation :
|b 5th February, 2009
|
| 260 |
|
|
|a Dhaka :
|b BRAC University,
|c 2009
|
| 300 |
|
|
|a 90 pages :
|b illustrations,
|c 28 cm.
|
| 526 |
|
|
|a AAL
|
| 541 |
|
|
|e 31883, 31264 & 31265
|a Complementary copy.
|
| 610 |
|
|
|a BRAC University
|x Programs
|9 21380
|
| 650 |
|
|
|a Education
|z Bangladesh
|9 21381
|
| 710 |
|
|
|a BRAC University
|9 21711
|
| 852 |
|
|
|a Ayesha Abed Library
|c General Stacks
|
| 942 |
|
|
|2 ddc
|c BK
|
| 952 |
|
|
|0 0
|1 4
|2 ddc
|4 0
|6 370_095492000000000_BRA
|7 0
|9 60880
|a BRACUL
|b BRACUL
|c GEN
|d 2017-07-05
|e Complimentary copy from Registrar office, BRAC University
|l 0
|o 370.095492 BRA
|p 3010031883
|r 2017-07-05
|t 1
|w 2017-07-05
|y BK
|x Koha Inventory 2020
|
| 952 |
|
|
|0 0
|1 0
|2 ddc
|4 0
|6 370_095492000000000_BRA
|7 0
|9 61972
|a BRACUL
|b BRACUL
|c STAFF
|d 2017-11-27
|e Complimentary copy from Registrar office, BRAC University
|l 0
|o 370.095492 BRA
|p 3010032027
|r 2017-11-27
|t 2
|w 2017-11-27
|y BK
|
| 952 |
|
|
|0 0
|1 0
|2 ddc
|4 0
|6 370_095492000000000_BRA
|7 0
|9 61980
|a BRACUL
|b BRACUL
|c GEN
|d 2017-11-27
|e Complimentary copy from Registrar Office, BRAC University
|l 0
|o 370.095492 BRA
|p 3010031265
|r 2017-11-27
|t 3
|w 2017-11-27
|y BK
|
| 952 |
|
|
|0 0
|1 0
|2 ddc
|4 0
|6 370_095492000000000_BRA
|7 0
|9 61981
|a BRACUL
|b BRACUL
|c GEN
|d 2017-11-27
|e Complementary copy from Registrar Office, BRAC University
|l 0
|o 370.095492 BRA
|p 3010031264
|r 2017-11-27
|t 4
|w 2017-11-27
|y BK
|